| 000 | 00421 a2200145 4500 | ||
|---|---|---|---|
| 005 | 20250614080502.0 | ||
| 020 | _a0-273-70752-3 | ||
| 082 | _a658.87 CHA | ||
| 100 | _aCHAFFEY,D. | ||
| 245 | _aE-Business and E-Commerce Management: Strategy, Implementation and Practice | ||
| 250 | _a3rd Ed. | ||
| 260 |
_aEngland _bPrentice Hall _c2007. |
||
| 300 |
_axxviii, 663p.: ill.; figures _bGlossary, Index _c26cm |
||
| 942 |
_2ddc _cBKS |
||
| 999 |
_c4046 _d4046 |
||